<?xml version="1.0" encoding="UTF-8"?><?xml-stylesheet type="text/xsl" href="static/style.xsl"?><OAI-PMH xmlns="http://www.openarchives.org/OAI/2.0/" xmlns:xsi="http://www.w3.org/2001/XMLSchema-instance" xsi:schemaLocation="http://www.openarchives.org/OAI/2.0/ http://www.openarchives.org/OAI/2.0/OAI-PMH.xsd"><responseDate>2026-04-27T21:23:44Z</responseDate><request verb="GetRecord" identifier="oai:uvadoc.uva.es:10324/53780" metadataPrefix="marc">https://uvadoc.uva.es/oai/request</request><GetRecord><record><header><identifier>oai:uvadoc.uva.es:10324/53780</identifier><datestamp>2022-06-28T08:26:02Z</datestamp><setSpec>com_10324_38</setSpec><setSpec>col_10324_785</setSpec></header><metadata><record xmlns="http://www.loc.gov/MARC21/slim" xmlns:doc="http://www.lyncode.com/xoai" xmlns:xsi="http://www.w3.org/2001/XMLSchema-instance" xmlns:dcterms="http://purl.org/dc/terms/" xsi:schemaLocation="http://www.loc.gov/MARC21/slim http://www.loc.gov/standards/marcxml/schema/MARC21slim.xsd">
<leader>00925njm 22002777a 4500</leader>
<datafield tag="042" ind1=" " ind2=" ">
<subfield code="a">dc</subfield>
</datafield>
<datafield tag="720" ind1=" " ind2=" ">
<subfield code="a">Gutiérrez Moñux, Daniel</subfield>
<subfield code="e">author</subfield>
</datafield>
<datafield tag="260" ind1=" " ind2=" ">
<subfield code="c">2022</subfield>
</datafield>
<datafield tag="520" ind1=" " ind2=" ">
<subfield code="a">Para la realización del Proyecto de Fin de Máster de la Escuela Técnica Superior de Arquitectura de Valladolid se propone un edificio para la Fundación&#xd;
de Las Letras. El proyecto pretende contribuir a fomentar e impulsar el desarrollo económico, cultural y social de la ciudad. Encontrándonos en el centro&#xd;
histórico de Valladolid, en la parte posterior de la parcela del Palacio de Fabio Nelli, se plantea un edificio para albergar los fondos históricos y&#xd;
documentales de varios escritores que han desarrollado su obra en castellano y han tenido relación con la ciudad de Valladolid. Con este fin se plantea un&#xd;
edificio en dos volúmenes en el que el propio recorrido nos conduce a realizar un viaje cronológico transitando entre las fundaciones de José Zorrilla,&#xd;
Antonio Machado, Jorge Guillén y Miguel Delibes.</subfield>
</datafield>
<datafield tag="024" ind2=" " ind1="8">
<subfield code="a">https://uvadoc.uva.es/handle/10324/53780</subfield>
</datafield>
<datafield ind1=" " ind2=" " tag="653">
<subfield code="a">Edificios culturales - España - Valladolid</subfield>
</datafield>
<datafield ind1=" " ind2=" " tag="653">
<subfield code="a">Barrios (Urbanismo) - España - Valladolid</subfield>
</datafield>
<datafield tag="245" ind1="0" ind2="0">
<subfield code="a">Edificio para la fundación de las letras en Valladolid. Barrio literario</subfield>
</datafield>
</record></metadata></record></GetRecord></OAI-PMH>